<?xml version="1.0" encoding="UTF-8"?><?xml-stylesheet type="text/xsl" href="static/style.xsl"?><OAI-PMH xmlns="http://www.openarchives.org/OAI/2.0/" xmlns:xsi="http://www.w3.org/2001/XMLSchema-instance" xsi:schemaLocation="http://www.openarchives.org/OAI/2.0/ http://www.openarchives.org/OAI/2.0/OAI-PMH.xsd"><responseDate>2026-04-17T03:53:51Z</responseDate><request verb="GetRecord" identifier="oai:www.recercat.cat:10230/22960" metadataPrefix="marc">https://recercat.cat/oai/request</request><GetRecord><record><header><identifier>oai:recercat.cat:10230/22960</identifier><datestamp>2025-12-13T00:30:32Z</datestamp><setSpec>com_2072_6</setSpec><setSpec>col_2072_452953</setSpec></header><metadata><record xmlns="http://www.loc.gov/MARC21/slim" xmlns:dcterms="http://purl.org/dc/terms/" xmlns:xsi="http://www.w3.org/2001/XMLSchema-instance" xmlns:doc="http://www.lyncode.com/xoai" xsi:schemaLocation="http://www.loc.gov/MARC21/slim http://www.loc.gov/standards/marcxml/schema/MARC21slim.xsd">
   <leader>00925njm 22002777a 4500</leader>
   <datafield ind2=" " ind1=" " tag="042">
      <subfield code="a">dc</subfield>
   </datafield>
   <datafield ind2=" " ind1=" " tag="720">
      <subfield code="a">Díaz Noci, Javier</subfield>
      <subfield code="e">author</subfield>
   </datafield>
   <datafield ind2=" " ind1=" " tag="260">
      <subfield code="c">2014-12-15T11:01:52Z</subfield>
   </datafield>
   <datafield ind2=" " ind1=" " tag="260">
      <subfield code="c">2014-12-15T11:01:52Z</subfield>
   </datafield>
   <datafield ind2=" " ind1=" " tag="260">
      <subfield code="c">2008</subfield>
   </datafield>
   <datafield ind2=" " ind1=" " tag="520">
      <subfield code="a">Las siguientes páginas recogen un/namplio proyecto de investigación,/npensado a varios años vista y para un/nequipo de personas, sobre medios de/ncomunicación y periodistas en el País/nVasco. En concreto, se pretende,/ncomo objetivo general, conocer los/nmedios de comunicación vascos y los/nprofesionales que han trabajado en/nellos, de manera que se pueda obtener/nun conocimiento científico general/ny con perspectiva histórica del/nmismo.</subfield>
   </datafield>
   <datafield ind2=" " ind1=" " tag="520">
      <subfield code="a">Honako orri hauek Euskal Herriko komunikabide/neta kazetariei buruzko ikerketa-/negitasmo handi samar bat, urte batzuetarako/neta lagun batzuek burutu/nbehar izatekoa, jasotzen dute. Zehazki,/nhelburu orokor gisa Euskal Herriko hedabideak/neta bertan lan egin duten profesional/nbehar bezala ezagutzea du helburu,/nezagupen zientifiko eta ikuspuntu/nhistoriografiko batetik.</subfield>
   </datafield>
   <datafield tag="653" ind2=" " ind1=" ">
      <subfield code="a">Periodistes -- País Basc</subfield>
   </datafield>
   <datafield tag="653" ind2=" " ind1=" ">
      <subfield code="a">Periodisme -- País Basc -- Història</subfield>
   </datafield>
   <datafield tag="653" ind2=" " ind1=" ">
      <subfield code="a">Mitjans de comunicació de massa -- País Basc -- Directoris</subfield>
   </datafield>
   <datafield ind2="0" ind1="0" tag="245">
      <subfield code="a">Euskal kazetarien liburutegi digitala: ikerketa-proiektua = Biblioteca digital de periodistas vascos: proyecto de investigación</subfield>
   </datafield>
</record></metadata></record></GetRecord></OAI-PMH>